00554nam a22001697a 450000500170000001000150001702000260003203500140005803700090007208200160008110000190009724500760011626000660019227000600025830000380031870000280035620240521154141.0 aENG-140431 a9789390434398c750.00 aEN-123963 bDBAD a638.1095451 aKalita, Tarali aSericulture:bwith Special Reference to Assam/cEdited by Tarali Kalita aAssambEBH Publishers, an imprint of Eastern Book Housec2022 a136, M.L. Nehru Road, Panbazar, GuwahatibAssame781001 axvi, 172 p.c23cm, (pb}bpictures aKalita, TaralieEditors